| 000 | 00531nam a2200181 a 4500 | ||
|---|---|---|---|
| 005 | 20140412111233.0 | ||
| 008 | 001120s19uu xx 00 eng d | ||
| 020 | _a0-679-83899-6 | ||
| 050 |
_aER _bWh55 1993 |
||
| 100 | _aMilton, Joyce | ||
| 245 |
_aWhales and other creatures of the sea / _cby Joyce Milton ; illustrated by Jim Deal. |
||
| 260 |
_aNew York : _bRandom House, _c1993. |
||
| 300 | _a30 ; col. ; ill. | ||
| 440 | _aA Random House picture back | ||
| 650 | _aMarine animals | ||
| 650 | _aWhales | ||
| 999 |
_c102277 _d102277 |
||